| 000 | 00573nam a2200205 a 4500 | ||
|---|---|---|---|
| 001 | BRCA_2524 | ||
| 005 | 20190320203841.0 | ||
| 008 | 251108s1954----nyua---###---#000-0#eng-u | ||
| 050 | 4 |
_aNK4395 _b.B37 1954 |
|
| 100 | 1 |
_aBarrett, Franklin Allen _97253 |
|
| 245 | 1 | 0 |
_aWorcester porcelain _cFranklin Allen Barrett. |
| 260 |
_aNew York _bPitman _c1954 |
||
| 300 |
_a53 p. _bil. _c26 cm. |
||
| 500 | _aIncluye lista de ilustraciones | ||
| 500 | _aA12 | ||
| 650 | 1 | 4 |
_aWorcester, Porcelana de. _97254 |
| 650 | 1 | 4 |
_aPorcelana _zInglaterra _97255 |
| 902 | _aGFM | ||
| 942 |
_2lcc _cB |
||
| 999 |
_c2265 _d2265 |
||